Loading...
Science - Physics | 0 | 4 | 0 | 0 | 40 | 49 | 66.50 | 0 | 2 |
Science - Chemistry | 0 | 4 | 1 | 1 | 35 | 30 | 57.00 | 0 | 2 |
History - American History | 0 | 3 | 0 | 0 | 30 | 69 | 70.00 | 0 | 0 |
Pop Culture | 0 | 2 | 0 | 1 | 20 | 73 | 90.00 | 0 | 0 |
Fine Arts - Other Fine Arts | 0 | 2 | 1 | 0 | 15 | 71 | 71.00 | 0 | 0 |
Fine Arts - Classical Music | 0 | 1 | 0 | 0 | 10 | 83 | 83.00 | 0 | 0 |
Literature - World Literature | 0 | 1 | 0 | 0 | 10 | 63 | 63.00 | 0 | 1 |
Mythology | 0 | 1 | 0 | 0 | 10 | 89 | 89.00 | 0 | 0 |
Painting/Sculpture | 0 | 1 | 0 | 0 | 10 | 40 | 40.00 | 1 | 1 |
Social Science | 0 | 1 | 1 | 0 | 5 | 53 | 53.00 | 0 | 1 |
Religion | 0 | 1 | 1 | 1 | 5 | 111 | 111.00 | 0 | 0 |
Literature - European Literature | 0 | 1 | 1 | 0 | 5 | 83 | 83.00 | 0 | 0 |
History - European History | 0 | 1 | 1 | 0 | 5 | 76 | 76.00 | 0 | 0 |
History - World History | 0 | 1 | 2 | 0 | 0 | 65 | 65.00 | 0 | 0 |
Philosophy | 0 | 0 | 1 | 0 | -5 | 0.00 | 0 | 0 | |
Science - Other Science | 0 | 0 | 1 | 0 | -5 | 0.00 | 0 | 0 | |
History - Other History | 0 | 0 | 2 | 0 | -10 | 0.00 | 0 | 0 |